El tt̕ulo preliminar del cd̤igo civil

Detalles Bibliográficos
Autor principal: Rubio Correa, Marcial
Formato: eBook
Lenguaje:español
Publicado: Lima : Pontificia Universidad Catolica del Peru, 2008
Materias:
Acceso en línea:Acceso restringido

MARC

LEADER 00000nam a22000007a 4500
005 20120725122937.0
007 cr|||| ||||
008 120725s2008 pe |||||s|||| 00||0 spa d
020 |a 978-9972-42-868-5 
035 |a 6571 
040 |a vLex 
090 |c 3314  |d 3314 
100 1 |a Rubio Correa, Marcial 
245 1 3 |a El tt̕ulo preliminar del cd̤igo civil  |h [Recurso electrn̤ico] /  |c Marcial Rubio Correa 
256 |a Servicio en ln̕ea 
260 |a Lima :  |b Pontificia Universidad Catolica del Peru,  |c 2008 
300 |a 1 recurso electrn̤ico 
506 1 |a Contenido solo disponible en los productos indicados  |d vLex Global   |d vLex Global (Academic Edition, excluding Law Schools)   |d vLex Global (U.S. Academic Edition, Law Schools)   |d vLex Global (U.S. Academic Edition, excluding Law Schools)   |d vLex Global (Academic Edition, Law Schools)  
650 0 4 |a Cd̤igo civil  |z Per︢ 
740 0 |a vLex Libros (Servicio en ln̕ea) 
856 4 0 |u http://vlex.com/source/titulo-preliminar-codigo-civil-6571  |z Acceso restringido 
942 |c BOOK 
999 0 |a Civil law